00401nam a2200145Ia 4500008004100000020001500041041000800056082001500064100002100079245006500100250000600165260004000171300001400211650003000225210716s1986 xx 000 0 und d a0256033749 aeng a658.3 STEG aStevens, George. aCases and exercises in personnel/ human resource management. a4 aUSAbBusiness Publication Incc1986 axviii,415 aHuman Resource Management